000 00416nam a2200157Ia 4500
005 20240920112358.0
008 240126s9999 xx 000 0 und d
020 _a9789352994076
082 _a641.302 KAP;1 R
100 _aKapoor, Sanjeev.
245 0 _aTasty eating for healthy living : V.1 soups snoks and starters
260 _bPopular Prakashan
_aMumbai
300 _a69
440 _aNULL
942 _cPU
999 _c276048
_d276048